| 000 | 00915nas a2200301 4500 | ||
|---|---|---|---|
| 001 | BR0504417 | ||
| 003 | BR-BrBNA | ||
| 005 | 20231205105628.0 | ||
| 007 | ta | ||
| 008 | 230509b bl.|||p| |||| 00| 00por d | ||
| 040 |
_aBR-BrBNA _bpor _cBiblioteca Nacional de Agricultura |
||
| 041 | _a(Pt) | ||
| 072 | _aL51 | ||
| 100 | 1 | _aLucci, C. de S. | |
| 100 | 1 | _aRodrigues, R.R. | |
| 100 | 1 | _aRodrigues, P.H.M. | |
| 245 | 1 | _aAlimentação de bezerros ruminantes com dieta líquida, via goteira esofageana: parâmetros ruminais | |
| 650 | _aBEZERRO | ||
| 650 | _aSUPLEMENTO PROTÉICO | ||
| 650 | _aDIGESTIBILIDADE | ||
| 650 | _aDIETA | ||
| 650 | _aPROTEÍNA | ||
| 650 | _aFARELO | ||
| 650 | _aSOJA | ||
| 773 | 0 |
_tRevista Brasileira de Zootecnia (Brazil) _xISSN 1516-3598 _g(Nov-Dec 2004), v. 33(6)(Suplemento 1) p. 1888-1896 _wBR0504417 |
|
| 909 |
_a202311 _bLúcia _c55 _dLúcia Elande |
||
| 942 |
_2AGRIS _n0 _cANA |
||
| 999 |
_c183857 _d183857 |
||